Federal Tort Trials and Verdicts, 1996-97

Saved in:  
Bibliographic Details
Authors: Litras, Marika F.X. (Author) ; DeFrances, Carol J. (Author)
Format: Electronic Research Data Statistics
Language:English
Published: [Erscheinungsort nicht ermittelbar] United States Department of Justice, Bureau of Justice Statistics 1999
In:Year: 1999
Online Access: Volltext (lizenzpflichtig)
Volltext (lizenzpflichtig)
Volltext (lizenzpflichtig)
Check availability: HBZ Gateway
Subito Delivery Service: Order now.
Keywords:

MARC

LEADER 00000cam a22000002c 4500
001 1912557908
003 DE-627
005 20250126055006.0
007 cr uuu---uuuuu
008 241217s1999 xx |||||os 00| ||eng c
035 |a (DE-627)1912557908 
035 |a (DE-599)KXP1912557908 
040 |a DE-627  |b ger  |c DE-627  |e rda 
041 |a eng 
084 |a 2,1  |2 ssgn 
100 1 |a Litras, Marika F.X.  |e VerfasserIn  |4 aut 
245 1 0 |a Federal Tort Trials and Verdicts, 1996-97 
264 1 |a [Erscheinungsort nicht ermittelbar]  |b United States Department of Justice, Bureau of Justice Statistics  |c 1999 
336 |a Text  |b txt  |2 rdacontent 
337 |a Computermedien  |b c  |2 rdamedia 
338 |a Online-Ressource  |b cr  |2 rdacarrier 
655 7 |a Statistik  |0 (DE-588)4056995-0  |0 (DE-627)106152955  |0 (DE-576)209119799  |2 gnd-content 
655 7 |a Forschungsdaten  |0 (DE-588)1098579690  |0 (DE-627)857755366  |0 (DE-576)469182156  |2 gnd-content 
700 1 |a DeFrances, Carol J.  |e VerfasserIn  |4 aut 
787 0 8 |i Forschungsdaten  |a Federal Judicial Center  |t Federal Court Cases: Integrated Data Base, 1970-2000  |d [Erscheinungsort nicht ermittelbar] : [Verlag nicht ermittelbar], 1990  |w (DE-627)1840049715 
856 4 0 |u http://www.ncjrs.gov/App/publications/abstract.aspx?ID=172855  |x Verlag  |z lizenzpflichtig  |3 Volltext  |7 1 
856 4 0 |u https://bjs.ojp.gov/redirect-legacy/content/pub/pdf/fttv97.pdf  |q application/pdf  |x Verlag  |z lizenzpflichtig  |3 Volltext  |7 1 
856 4 0 |u https://bjs.ojp.gov/redirect-legacy/content/pub/ascii/fttv97.txt  |x Verlag  |z lizenzpflichtig  |3 Volltext  |7 1 
935 |a mkri 
951 |a BO 
ELC |a 1 
LOK |0 000 xxxxxcx a22 zn 4500 
LOK |0 001 4637523400 
LOK |0 003 DE-627 
LOK |0 004 1912557908 
LOK |0 005 20241217044500 
LOK |0 008 241217||||||||||||||||ger||||||| 
LOK |0 035   |a (DE-2619)ICPSR19222 
LOK |0 040   |a DE-2619  |c DE-627  |d DE-2619 
LOK |0 092   |o n 
LOK |0 852   |a DE-2619 
LOK |0 852 1  |9 00 
LOK |0 935   |a foda  |a nacp 
LOK |0 939   |a 17-12-24  |b l01 
ORI |a SA-MARC-krimdoka001.raw